000 00532nam a2200157 i 4500
001 84379
003 ES-MaACL
005 20230906175015.0
007 t|
008 041122s1933 sp ||||1| spa d
100 1 _aJimeno, Alfonso.
_966635
245 1 0 _aConservación de los valores arquitectónicos locales a través de la edificación moderna en las ciudades de Bélgica y Holanda /
_c[por] Alfonso Jimeno.
260 _aMadrid :
_b[s.n.,
_c1933] (
_fYagües)
300 _a53 p., 82 lám. ;
_c28 cm.
852 _aES-MaACL
_jA-3489
999 _c84379
_d84379